[Event "Villalba op"]
[Site "Villalba"]
[Date "1997.??.??"]
[Round "2"]
[White "Gordillo, Manuel"]
[Black "Hernandez, Roman"]
[Result "0-1"]
[WhiteElo "2105"]
[BlackElo "2430"]

1.d4 Nf6 2.Bg5 Ne4 3.Bf4 d5 4.f3 Nf6 5.Nd2 e6 6.c3 c5 7.e3 Nc6 8.Bd3 Bd6
9.Bxd6 Qxd6 10.f4 Bd7 11.Nh3 Ne7 12.Qe2 Qb6 13.Rb1 a6 14.Nf2 Bb5 15.O-O O-O
16.dxc5 Qxc5 17.Nb3 Bxd3 18.Nxd3 Qc4 19.Nd2 Qa4 20.h3 Nf5 21.Rfe1 Nd6 22.Qd1 Qb5
23.Nb3 Nfe4 24.Nd4 Qc4 25.a3 Rad8 26.Ne5 Qc7 27.Nef3 Nc4 28.Qd3 Qe7 29.h4 f6
30.Ne2 Qf7 31.g4 Qg6 32.g5 Nxg5  0-1

[Event "Mikenas mem op"]
[Site "Vilnius"]
[Date "1997.??.??"]
[Round "?"]
[White "Rustemov, Alexander"]
[Black "Malisauskas, Vidmantas"]
[Result "1/2-1/2"]
[WhiteElo "2550"]
[BlackElo "2530"]

1.d4 Nf6 2.Bg5 Ne4 3.Bh4 d5 4.f3 Nf6 5.Nc3 e6 6.e4 Be7 7.e5 Nfd7 8.Bxe7 Qxe7
9.f4 a6 10.Nf3 c5 11.dxc5 Qxc5 12.Qd2 Nc6 13.O-O-O Nb6 14.h4 Bd7 15.h5 h6
16.Rh3 Na5 17.Rg3 Nac4 18.Qd4 Qxd4 19.Nxd4 O-O 20.b3 Na5 21.Bd3 Nc6 22.Nce2 f6
23.exf6 Rxf6 24.c3 Nc8 25.Re3 Nd6 26.g3 Be8 27.Nxe6 Bxh5 28.Nc7 d4 29.Nxd4 Nxd4
30.Nxa8 Bxd1 31.cxd4 Bg4 32.Nc7 Rf7 33.Nd5 Kf8 34.Re5 Nf5 35.Bxf5 Bxf5 36.Kd2 g5
37.fxg5 hxg5 38.a4 g4 39.a5 Bd7 40.Nf4 Rf6 41.d5 b6 42.b4 bxa5 43.bxa5 Be8
44.Re6 Rxe6 45.Nxe6+ Ke7 46.Ke3 Kd6 47.Ke4 Bg6+ 48.Kd4 Bf7 49.Nf4 Bg8 50.Ke4 Bh7+
51.Kd4 Bg8 52.Ke3 Ke5 53.Ng6+ Kd6 54.Nf4 Ke5 55.Nd3+ Kxd5 56.Nb4+ Kc4 57.Nxa6 Kb5
58.Nc7+ Kxa5 59.Kf4 Kb6 60.Ne8 Kc6 61.Kxg4 Be6+ 62.Kg5 Kd7 63.Kf6 Bg4 64.Ng7 Bd1  1/2-1/2

[Event "Vitinia op"]
[Site "Vitinia"]
[Date "1997.??.??"]
[Round "3"]
[White "Steinfl, Alessandro"]
[Black "Palombi, Roberto"]
[Result "1-0"]
[WhiteElo "2240"]
[BlackElo "2055"]

1.d4 Nf6 2.Bg5 Ne4 3.Bf4 d5 4.f3 Nd6 5.e4 e6 6.Bd3 b6 7.c3 Qd7 8.Qe2 Be7
9.Nd2 O-O 10.e5 Ne8 11.Nh3 c5 12.O-O Nc6 13.Be3 f5 14.exf6 Bxf6 15.dxc5 d4
16.cxd4 Nxd4 17.Bxd4 Bxd4+ 18.Kh1 bxc5 19.Qe4 Nf6 20.Qxa8 Nd5 21.Ng5 g6 22.Nxe6 Qxe6
23.Bc4 Rd8 24.Rfe1  1-0

[Event "Zagorovsky mem op"]
[Site "Voronezh"]
[Date "1997.??.??"]
[Round "?"]
[White "Kazmin, A."]
[Black "Vasilchenko, Oleg"]
[Result "1-0"]
[WhiteElo "2175"]
[BlackElo "2420"]

1.d4 Nf6 2.Bg5 Ne4 3.Bf4 c5 4.f3 Nf6 5.d5 d6 6.e4 g6 7.Bb5+ Bd7 8.Bxd7+ Nbxd7
9.Ne2 Bg7 10.Nd2 b5 11.c4 b4 12.Qc2 a5 13.a4 bxa3 14.Rxa3 O-O 15.Nc3 Nb8
16.O-O Na6 17.Rfa1 Nb4 18.Qb1 e6 19.Nb5 Ra6 20.Nb3 exd5 21.exd5 Nh5 22.Be3 Re8
23.Bf2 Nf4 24.Nc3 Ne2+ 25.Kf1 Qe7 26.Qd1 Nd4 27.Rxa5 Rxa5 28.Nxa5 Nbc2 29.Nc6 Ne3+
30.Bxe3 Qxe3 31.Ne4 Nxc6 32.Ra3 Qf4 33.g3 Qf5 34.dxc6 Rxe4 35.Ra8+ Bf8 36.c7 Rd4
37.Qe2 Rxc4 38.c8=Q  1-0

[Event "Wattens op"]
[Site "Wattens"]
[Date "1997.??.??"]
[Round "?"]
[White "Duer, Werner"]
[Black "Steck, Werner"]
[Result "1-0"]
[WhiteElo "2330"]
[BlackElo "1750"]

1.d4 Nf6 2.Bg5 Ne4 3.Bf4 d5 4.f3 Nf6 5.e3 c5 6.c3 e6 7.Nd2 Nc6 8.Bg5 h6 9.Bh4 Qb6
10.Qb3 c4 11.Qc2 Qc7 12.e4 Be7 13.e5 Nh7 14.Bxe7 Qxe7 15.f4 Bd7 16.b3 b5
17.a4 cxb3 18.Nxb3 b4 19.Bd3 f5 20.exf6 Nxf6 21.Bg6+ Kd8 22.Nc5 bxc3 23.Qxc3 Be8
24.Bd3 Rc8 25.Rc1 Bd7 26.Nf3 Ke8 27.Bg6+ Kf8 28.O-O Be8 29.Bxe8 Qxe8 30.Rfe1 Ne7
31.Rxe6 Ne4 32.Qa3 Nxc5 33.Rxc5 Rxc5 34.Qxc5 Qf7 35.Qd6  1-0

[Event "Zadar op"]
[Site "Zadar"]
[Date "1997.??.??"]
[Round "2"]
[White "Medancic, Rikard"]
[Black "Tukmakov, Vladimir B"]
[Result "0-1"]
[WhiteElo "2320"]
[BlackElo "2575"]

1.d4 Nf6 2.Bg5 Ne4 3.Bf4 c5 4.f3 Qa5+ 5.c3 Nf6 6.d5 Qb6 7.b3 e6 8.e4 exd5
9.exd5 Bd6 10.Nh3 O-O 11.c4 Nh5 12.Bxd6 Qxd6 13.Nc3 Qe5+ 14.Ne2 d6 15.g4 Nf6
16.Rc1 h5 17.g5 Bxh3 18.gxf6 Qxf6 19.Ng3 Re8+ 20.Kf2 Bxf1 21.Rxf1 h4 22.Ne2 Qe5
23.f4 Qe3+ 24.Ke1 Nd7 25.Qd2 Qh3 26.Rc3 Qxh2 27.Rcf3 Nf6 28.Qd3 Re7 29.Kd1 Ng4
30.Nc3 Rae8  0-1

[Event "Zadar op"]
[Site "Zadar"]
[Date "1997.??.??"]
[Round "4"]
[White "Klaric, Zlatko"]
[Black "Devide, Zoran"]
[Result "1-0"]
[WhiteElo "2420"]
[BlackElo "2245"]

1.d4 Nf6 2.Bg5 Ne4 3.Bf4 c5 4.f3 Qa5+ 5.c3 Nf6 6.d5 d6 7.e4 g6 8.Nd2 Bg7
9.Bd3 O-O 10.Ne2 Qd8 11.Qc2 e6 12.c4 Nh5 13.Be3 exd5 14.cxd5 Re8 15.O-O Nd7
16.Rab1 Ne5 17.b4 cxb4 18.Rxb4 b6 19.Rc1 Bd7 20.Ba6 Bc8 21.Bb5 Bd7 22.Nd4 Qh4
23.Bxd7 Nxd7 24.Nc4 Nc5 25.Nc6 Qf6 26.Qd2 h6 27.Rd1 g5 28.Bd4 Qg6 29.Bxg7 Kxg7
30.Ne3 Nf4 31.g3 Nh5 32.Qd4+ Kh7 33.Rb2 g4 34.Nxg4 Nxe4 35.Rf1 Nc5 36.Rg2 Qd3
37.Nf2 Qxd4 38.Nxd4 Kg6 39.Nb5 Red8 40.Re1 a6 41.Nc3 Re8 42.Nfe4 Nf6 43.Rb1 Ncxe4
44.Nxe4 Nxe4 45.fxe4 b5 46.Rc2 Rac8 47.Rc6 Rxc6 48.dxc6 Rc8 49.Rc1 Kf6 50.Kf2 Ke6
51.Ke3 b4 52.Kd4 a5 53.Rc4 Rc7 54.g4 f6 55.h4 Rc8 56.h5 Rc7 57.Ke3 Ke5 58.Kd3 Ke6
59.Kd4 Rc8 60.Rc1 Rc7 61.Rc2 Rc8 62.Ke3 Ke5 63.c7 a4 64.Rc4 b3 65.Rxa4 bxa2
66.Ra5+ Ke6 67.Rxa2 Rxc7 68.Ra8 Rc1 69.Rh8 Re1+ 70.Kf3 Rf1+ 71.Kg3 Rg1+ 72.Kh3 Rh1+
73.Kg2 Re1 74.Rxh6 Rxe4 75.Kf3 Re5 76.Rh7 Re1 77.Rg7 Rh1 78.Kg2 Rh4 79.Kg3 Rh1
80.Rh7 d5 81.Ra7 f5 82.Ra6+  1-0

[Event "Zagreb op"]
[Site "Zagreb"]
[Date "1997.??.??"]
[Round "2"]
[White "Orenda, Omar"]
[Black "Sale, Srdjan"]
[Result "0-1"]
[WhiteElo "2175"]
[BlackElo "2425"]

1.d4 Nf6 2.Bg5 Ne4 3.Bf4 c5 4.f3 Qa5+ 5.c3 Nf6 6.d5 d6 7.e4 g6 8.Nd2 Bg7
9.Nc4 Qd8 10.a4 O-O 11.Bd3 Na6 12.Ne2 Nc7 13.O-O b6 14.Nd2 e6 15.c4 exd5
16.exd5 Nh5 17.Rb1 Re8 18.Bg3 Nxg3 19.Nxg3 Na6 20.Nde4 Nb4 21.f4 Qh4 22.f5 Bd4+
23.Kh1 Be5 24.Qf3 Bxf5 25.Nf6+ Qxf6 26.Bxf5 gxf5 27.Nxf5 Kh8 28.Qh3 Qg6 29.Nh4 Qd3
30.Qd7 Rg8 31.Rbd1 Qe4 32.Qh3 f6 33.Rf5 Qg4  0-1

[Event "Zagreb"]
[Site "Zagreb"]
[Date "1997.??.??"]
[Round "6"]
[White "Kovacevic, Blazimir"]
[Black "Mihalincic, Tomislav"]
[Result "1/2-1/2"]
[WhiteElo "2340"]
[BlackElo "2120"]

1.d4 Nf6 2.Bg5 Ne4 3.Bf4 c5 4.f3 Qa5+ 5.c3 Nf6 6.d5 d6 7.e4 g6 8.Na3 Nbd7
9.Nc4 Qc7 10.a4 Bg7 11.Qd2 O-O 12.h4 h5 13.Bh6 Ne5 14.Bxg7 Kxg7 15.Ne3 b6
16.c4 a6 17.Ne2 Bd7 18.Nc3 Rfb8 19.Rc1 Qd8 20.b3 Qh8 21.f4 Neg4 22.Be2 Kh7
23.O-O Qg7 24.Rce1 Ng8 25.Bxg4 hxg4 26.e5 Bf5 27.Ne2 dxe5 28.Nxf5 gxf5 29.Ng3 e4
30.Nxf5 Qg6 31.Ne3 g3 32.f5 Qh6 33.Qd1 Qxh4 34.Ng4 Nf6 35.Rf4 Nxg4 36.Qxg4 Qh2+
37.Kf1 Rg8 38.Qh4+ Qxh4 39.Rxh4+ Kg7 40.Rexe4 Rae8 41.Ke2 Kf6 42.Kf3 Rh8
43.Rhg4 Rh5 44.Kxg3 Rxf5 45.Rgf4 Rxf4 46.Kxf4 e6 47.Re3 Rd8 48.dxe6 fxe6
49.Rh3 Rd4+ 50.Ke3 Rg4 51.Kf2 Ke5 52.Rh7 Rf4+ 53.Ke2 Rg4 54.Rb7 Rxg2+ 55.Kd3 Rg3+
56.Kc2 Kd4 57.Rd7+ Ke5 58.Rb7 Kd4 59.Rd7+ Ke5 60.Rb7  1/2-1/2

[Event "Zagreb"]
[Site "Zagreb"]
[Date "1997.??.??"]
[Round "10"]
[White "Brumen, Dinko"]
[Black "Mihalincic, Tomislav"]
[Result "1-0"]
[WhiteElo "2335"]
[BlackElo "2120"]

1.d4 Nf6 2.Bg5 Ne4 3.Bf4 c5 4.d5 d6 5.Nd2 Nf6 6.e4 g6 7.Ngf3 Bg7 8.c3 O-O
9.Bc4 Nbd7 10.O-O Qc7 11.a4 Ne5 12.Nxe5 dxe5 13.Be3 Ng4 14.Bg5 h6 15.Bh4 Kh7
16.Be2 h5 17.b4 b6 18.Nc4 f5 19.a5 Ba6 20.exf5 gxf5 21.Ne3 Bxe2 22.Qxe2 e4
23.Nxg4 hxg4 24.f3 gxf3 25.gxf3 Rg8 26.Kh1 Bxc3 27.Rac1 Be5 28.fxe4 Rg4 29.Rxf5 Rxh4
30.Rg1 Rh6 31.Rh5 Qd6 32.Qg4 Qf6 33.Rxh6+ Qxh6 34.Qf5+  1-0

[Event "FIDE Journalists-ch"]
[Site "Lausanne"]
[Date "1998.01.08"]
[Round "5"]
[White "Bouton, Christophe"]
[Black "Gik, Evgeny"]
[Result "1/2-1/2"]
[WhiteElo "2210"]
[BlackElo "2350"]

1.d4 Nf6 2.Bg5 Ne4 3.Bf4 d5 4.Nd2 g6 5.Ngf3 Bg7 6.e3 O-O 7.Be2 c5 8.c3 Nc6
9.O-O Nxd2 10.Qxd2 b6 11.dxc5 bxc5 12.Rad1 e6 13.Bb5 Qb6 14.Ba4 Bb7 15.Rfe1 Rad8
16.Bg5 Rd7 17.Qc1 h6 18.Bh4 Qa5 19.Bxc6 Bxc6 20.b4 Qxa2 21.bxc5 Qc4 22.Qa3 Qxc3
23.Qa6 Bb7 24.Qxa7 Ra8 25.Qb6 Ra6 26.Qb5 Rc6 27.Rc1 Qa3 28.Nd4 Bxd4 29.exd4 Qa6
30.Qb2 Bc8 31.Qd2 Kg7 32.Bg3 f6 33.h4 h5 34.Rb1 Ra7 35.Rb8 Qa2 36.Qe3 Raa6
37.Bf4 Qa3 38.Bh6+ Kf7 39.Qf4 Qd3 40.Rb6 Qf5 41.Qxf5 gxf5 42.Rb8 Ra4 43.Rd1 Rc4
44.Bf4 e5 45.dxe5 Rxf4 46.e6+ Bxe6 47.Rb7+ Kg6 48.Re1 Bf7 49.Ree7 Re4 50.Rxf7  1/2-1/2

[Event "Zagreb op"]
[Site "Zagreb"]
[Date "1998.01.08"]
[Round "6"]
[White "Draganic, Stjepan"]
[Black "Jurkovic, Ante"]
[Result "0-1"]
[WhiteElo "2165"]
[BlackElo "2320"]

1.d4 Nf6 2.Bg5 Ne4 3.h4 c5 4.d5 h6 5.Bf4 e6 6.f3 Bd6 7.Bxd6 Nxd6 8.e4 Qb6
9.b3 O-O 10.c4 exd5 11.Qxd5 Ne8 12.Nc3 Nc6 13.O-O-O d6 14.Qd2 a5 15.Nd5 Qd8
16.a4 Be6 17.Ne2 Bxd5 18.Qxd5 Qf6 19.Kb1 Nc7 20.Qd2 Ne6 21.Qb2 Ned4 22.Nxd4 Nxd4
23.Bd3 Ra6 24.Ka2 Rb6 25.Bc2 Ra8 26.Rd3 Rb4 27.h5 Ra6 28.Rxd4 cxd4 29.Rd1 Qg5
30.g4 Qe3 31.Qxd4 Qxd4 32.Rxd4 Kf8 33.Rd5 Rbb6 34.Bd3 Ra8 35.Kb2 Ke7 36.Kc3 Rc6
37.Rb5 b6 38.e5 Rb8 39.exd6+ Kxd6 40.Rf5 Ke7 41.Be4 Rf6 42.Rb5 Rc8 43.b4 axb4+
44.Kxb4 Rc7 45.a5 bxa5+ 46.Rxa5 Rb6+ 47.Kc3 Rd6 48.c5 g6 49.hxg6 fxg6 50.Kb4 Re6
51.Ra8 Kf6 52.Rb8 h5 53.Rb6 hxg4 54.fxg4 Ke5 55.Rxe6+ Kxe6 56.Kb5 g5 57.Kb6 Rf7
58.Bf5+ Kd5  0-1

[Event "NLD-sf"]
[Site "Enschede"]
[Date "1998.01.09"]
[Round "7"]
[White "Kerkmeester, Heico"]
[Black "Delemarre, Jop"]
[Result "1-0"]
[WhiteElo "2250"]
[BlackElo "2420"]

1.d4 Nf6 2.Bg5 Ne4 3.h4 c5 4.d5 g6 5.c3 Bg7 6.Nf3 Nxg5 7.hxg5 d6 8.Nbd2 Na6
9.e4 Nc7 10.a4 O-O 11.Nc4 b6 12.Qd2 Qd7 13.Be2 Rd8 14.Qf4 Qg4 15.Qe3 Qd7
16.Qf4 Qg4 17.Qe3 Qd7 18.Nh2 e6 19.Ng4 exd5 20.Qh3 Qe7 21.Qxh7+ Kf8 22.Nh6 Ke8
23.Qxg7 dxc4 24.Nxf7 Be6 25.Qh8+ Kd7 26.Nxd8 Rxd8 27.Qf6  1-0

[Event "Hoogovens"]
[Site "Wijk aan Zee"]
[Date "1998.01.21"]
[Round "5"]
[White "Salov, Valery"]
[Black "Polgar, Judit"]
[Result "1/2-1/2"]
[WhiteElo "2680"]
[BlackElo "2670"]

1.d4 Nf6 2.Bg5 Ne4 3.Bf4 d5 4.Nd2 Bf5 5.e3 e6 6.Bd3 Nxd2 7.Qxd2 Bxd3 8.Qxd3 c5
9.Bxb8 Rxb8 10.Nf3 Bd6 11.dxc5 Qa5+ 12.c3 Qxc5 13.Rd1  1/2-1/2

[Event "Anibal op 5th"]
[Site "Linares"]
[Date "1998.01.23"]
[Round "4"]
[White "Dumitrescu, Dragos"]
[Black "Calzetta, Monica"]
[Result "1-0"]
[WhiteElo "2400"]
[BlackElo "2175"]

1.d4 Nf6 2.Bg5 Ne4 3.Bh4 d5 4.f3 Nd6 5.Nd2 Bf5 6.c4 c6 7.c5 Nb5 8.e4 Bg6
9.Bxb5 cxb5 10.Qb3 dxe4 11.Qxb5+ Nc6 12.fxe4 a6 13.Qxb7 Nxd4 14.Rc1 f6 15.c6 Rc8
16.c7 Qd7 17.Ngf3 Nb5 18.O-O Rxc7 19.Qa8+ Qd8 20.Qxa6  1-0

[Event "Europe vs Americas"]
[Site "Mermaid Beach"]
[Date "1998.01.30"]
[Round "5"]
[White "Hodgson, Julian M"]
[Black "Leitao, Rafael"]
[Result "0-1"]
[WhiteElo "2575"]
[BlackElo "2515"]

1.d4 Nf6 2.Bg5 Ne4 3.Bf4 d5 4.e3 c5 5.Bd3 cxd4 6.Bxe4 dxe4 7.exd4 g6 8.Nc3 Bg7
9.Nge2 Bf5 10.O-O Nc6 11.d5 Ne5 12.Ng3 Nc4 13.Nb5 Nxb2 14.Nxf5 Nxd1 15.Nxg7+ Kd7
16.Rfxd1 Qa5 17.Rab1 Rac8 18.c4 Rhg8 19.Be5 Rxc4 20.d6 e6 21.Na3 Rb4 22.Rxb4 Qxb4
23.Rb1 Qxa3 24.Rxb7+ Kc6 25.Rc7+ Kd5 26.Bf6 Qxa2 27.h3 Kxd6 28.Rxf7 Rc8 29.Bg5 e5
30.Rb7 a5 31.Rb6+ Kd7 32.Be3 Qf7 33.Bh6 e3 34.fxe3 Rc1+ 35.Kh2 Qf2  0-1

[Event "Europe vs Americas"]
[Site "Mermaid Beach"]
[Date "1998.02.03"]
[Round "9"]
[White "Hodgson, Julian M"]
[Black "Gurevich, Dmitry"]
[Result "0-1"]
[WhiteElo "2575"]
[BlackElo "2540"]

1.d4 Nf6 2.Bg5 Ne4 3.Bf4 c5 4.f3 Qa5+ 5.c3 Nf6 6.d5 g6 7.Nh3 d6 8.Nf2 Qb6
9.Qd2 Nxd5 10.Qxd5 Qxb2 11.Qb3 Qxa1 12.e4 Bg7 13.Bc4 O-O 14.Kd2 b5 15.Bd5 Be6
16.Rc1 Bxd5 17.exd5 b4 18.Kd1 c4  0-1

[Event "Calcutta Goodricke op"]
[Site "Calcutta"]
[Date "1998.02.07"]
[Round "2"]
[White "Singh, Pritam"]
[Black "Ravi, Thandalam Shanmugam"]
[Result "0-1"]
[WhiteElo "2265"]
[BlackElo "2345"]

1.d4 Nf6 2.Bg5 Ne4 3.Bh4 d5 4.f3 Nd6 5.Nc3 g6 6.e3 Bg7 7.Bd3 c6 8.Nge2 O-O
9.O-O Qe8 10.e4 dxe4 11.Nxe4 Nxe4 12.fxe4 e5 13.Bg3 Qe7 14.c3 Bg4 15.h3 Bxe2
16.Qxe2 exd4 17.Bc4 Nd7 18.Rad1 b5 19.Bb3 Nc5 20.Bc2 Rad8 21.e5 dxc3 22.bxc3 Rxd1
23.Rxd1 Re8 24.Re1 Nd7 25.Qf1 Bxe5 26.Bb3 Kg7 27.Qf3 f6 28.Qxc6 Qc5+ 29.Qxc5 Nxc5
30.Bf2 Nd3 31.Rd1 Nxf2 32.Kxf2 Bxc3 33.Rd7+ Kh6 34.Kf3 a5 35.Rb7 b4 36.g3 Bd4
37.Rd7 Re3+ 38.Kg2 Be5 39.g4 Rg3+ 40.Kf2 Rxh3 41.Be6 Kg5 42.Rd8 Ra3 43.Rd7 h6  0-1

[Event "CZE-chT 9798"]
[Site "CZE"]
[Date "1998.02.07"]
[Round "6"]
[White "Jirovsky, Pavel"]
[Black "Obsivac, Josef"]
[Result "1/2-1/2"]
[WhiteElo "2395"]
[BlackElo "2345"]

1.d4 Nf6 2.Bg5 Ne4 3.h4 d5 4.Nd2 Nxg5 5.hxg5 e5 6.dxe5 Qxg5 7.Ndf3 Qe7 8.c3 c6
9.Qd3 g6 10.e4 dxe4 11.Qxe4 Bg7 12.g4 Be6 13.Bc4 Bxc4 14.Qxc4 Nd7 15.Kf1 O-O-O
16.Re1 Nc5 17.Nd4 Rd5 18.Ngf3 Qd7 19.b4 Ne6 20.Re4 h6 21.Kg2 Re8 22.Rhe1 Kb8
23.a4 Rc8 24.Nb3 Bf8 25.Rb1 Be7 26.Rh1 Rh8 27.Nbd4 c5 28.Nxe6 Qxe6 29.b5 h5
30.a5 h4 31.Rf4 Bd8 32.a6 b6 33.Qe4 f5 34.exf6 Qxe4 35.Rxe4 Bxf6 36.c4 Rd3
37.Rf4 Bd4 38.Nxd4 Rxd4 39.Rxd4 cxd4 40.Rd1 Rd8 41.Rd3 g5 42.Kh3 Kc7 43.f4 gxf4
44.Kxh4 Rh8+ 45.Kg5 Rf8 46.Rxd4 f3 47.Rd1 f2 48.Rf1 Kd6 49.Kh6 Rf3 50.g5 Ke5
51.Kh7 Kd4 52.g6 Kxc4 53.g7  1/2-1/2

[Event "Calcutta Goodricke op"]
[Site "Calcutta"]
[Date "1998.02.08"]
[Round "3"]
[White "Yogesh, Gore"]
[Black "Safira, Shahnaz"]
[Result "0-1"]
[WhiteElo "2300"]
[BlackElo "2135"]

1.d4 Nf6 2.Bg5 Ne4 3.Be3 d5 4.f3 Nf6 5.Bf2 Nbd7 6.e3 e5 7.Bd3 Bd6 8.Ne2 e4
9.Bb5 c6 10.Ba4 Qa5+ 11.c3 O-O 12.Ng3 Re8 13.Bc2 Nf8 14.Nd2 exf3 15.gxf3 Bf4
16.Nb3 Qc7 17.Qd3 Qe7 18.Kd2 Bh6 19.Rae1 b6 20.Rhg1 c5 21.Nf5 Bxf5 22.Qxf5 a5
23.Kd1 a4 24.Nc1 Kh8 25.Nd3 a3 26.Bh4 axb2 27.Ne5 Ng6 28.Bxf6 gxf6 29.Ng4 Bg7
30.Bb1 cxd4 31.exd4 Qa3 32.Qc2 Rec8 33.Re3 f5 34.c4 Qb4 35.Rb3 Qxc4 36.Ne3 Qxd4+
37.Rd3 Rxc2  0-1

[Event "FRA-chT"]
[Site "FRA"]
[Date "1998.02.08"]
[Round "3"]
[White "Letreguilly, Olivier"]
[Black "Varlet, Nicolas"]
[Result "1-0"]
[WhiteElo "2240"]
[BlackElo "2230"]

1.d4 Nf6 2.Bg5 Ne4 3.Bh4 d5 4.f3 Nd6 5.Nc3 g6 6.e4 dxe4 7.fxe4 Bg7 8.Qd2 O-O
9.Nf3 c6 10.Bd3 Be6 11.Bg5 Bc4 12.e5 Bxd3 13.exd6 f6 14.Qxd3 fxg5 15.Qc4+ e6
16.Qxe6+ Kh8 17.Ne5 Qe8 18.Qxe8 Rxe8 19.O-O Bxe5 20.dxe5 Nd7 21.Rf7 Rad8
22.Rd1 Rxe5 23.Re7 b5 24.Ne4 a5 25.Nf6 Nxf6 26.Rxe5 Nd5 27.a4 bxa4 28.c4 Nb6
29.d7 Kg7 30.Re8  1-0

[Event "Budapest FS02 GM"]
[Site "Budapest"]
[Date "1998.02.15"]
[Round "9"]
[White "Vegh, Endre"]
[Black "Acs, Peter"]
[Result "0-1"]
[WhiteElo "2350"]
[BlackElo "2450"]

1.d4 Nf6 2.Bg5 Ne4 3.Bf4 c5 4.f3 Qa5+ 5.c3 Nf6 6.Nd2 cxd4 7.Nb3 Qd8 8.cxd4 d5
9.Rc1 Nc6 10.e3 e6 11.Bd3 Bb4+ 12.Kf2 O-O 13.Ne2 Re8 14.Bb5 Qb6 15.Bxc6 bxc6
16.Qc2 Ba6 17.Qxc6 Bc4 18.Qa4 a5 19.Nc3 Nh5 20.Bg3 Nxg3 21.hxg3 e5 22.dxe5 Rxe5
23.Nd4 Bc5 24.Qc2 Bxd4 25.Qxh7+ Kf8 26.Qh8+ Ke7 27.Qh4+ Kd7 28.exd4 Qxb2+
29.Kg1 Qxc1+ 30.Kh2 Re1 31.Qg4+ Kc7  0-1

[Event "Masters"]
[Site "Bunratty"]
[Date "1998.02.22"]
[Round "4"]
[White "Orr, Mark J L"]
[Black "Nunn, John DM"]
[Result "0-1"]
[WhiteElo "2360"]
[BlackElo "2610"]

1.d4 Nf6 2.Bg5 Ne4 3.Bf4 c5 4.f3 Qa5+ 5.c3 Nf6 6.d5 Qb6 7.b3 e6 8.e4 exd5
9.exd5 Bd6 10.Bg5 Be7 11.c4 O-O 12.Nc3 Re8 13.Be2 d6 14.Qc2 Na6 15.a3 Qd8
16.Bd2 Nc7 17.Bd3 b5 18.Nge2 a6 19.O-O Rb8 20.g4 g6 21.Ng3 b4 22.axb4 cxb4
23.Nce2 Bb7 24.Nf4 Nd7 25.Nxg6 hxg6 26.Bxg6 Bf6 27.Be4 Bxa1 28.Rxa1 Qf6 29.Rf1 Nc5
30.Bh7+ Kf8 31.Bxb4 Qd4+ 32.Kh1 Nxd5 33.cxd5 Qxb4 34.Qc1 Re5 35.Qh6+ Ke7
36.Bf5 Bxd5 37.Qg5+ f6 38.Qg7+ Bf7 39.Nh5 Rxf5 40.gxf5 Nd7 41.Ng3 Qh4 42.Re1+ Ne5
43.Ne4  0-1

[Event "AUT-chT 9798"]
[Site "Austria"]
[Date "1998.03.06"]
[Round "9"]
[White "Moser, Guenter"]
[Black "Volke, Karsten"]
[Result "1/2-1/2"]
[WhiteElo "2350"]
[BlackElo "2460"]

1.d4 Nf6 2.Bg5 Ne4 3.Bf4 c5 4.d5 Qb6 5.Qc1 c4 6.e3 Qa5+ 7.c3 Qxd5 8.Nf3 Nc5
9.Nbd2 Nc6 10.Nxc4 Nd3+ 11.Bxd3 Qxd3 12.b3 d5 13.Nce5 Nxe5 14.Nxe5 Qa6 15.Qd1 Be6
16.a4 g6 17.Rc1 Bg7 18.Nd3 Rc8 19.Be5 f6 20.Bg3 Bf7 21.O-O O-O 22.f4 Qe6
23.Re1 Rfd8 24.h3 Qf5 25.Rf1 Rd6 26.Ne5 Qe4 27.Nxf7 Kxf7 28.f5 Rdc6 29.Qd2 gxf5
30.Rf4 Qe6 31.Rd4 Rb6 32.b4 Rbc6 33.Kh2 Rc4 34.Rxd5 Rxc3 35.Rxc3 Rxc3 36.Rb5 Qc6
37.Rxf5 Rc2  1/2-1/2

[Event "VISA GP"]
[Site "Reykjavik"]
[Date "1998.03.15"]
[Round "6"]
[White "Miles, Anthony J"]
[Black "Olafsson, Helgi"]
[Result "1/2-1/2"]
[WhiteElo "2595"]
[BlackElo "2505"]

1.d4 Nf6 2.Bg5 Ne4 3.Bf4 c5 4.f3 Qa5+ 5.c3 Nf6 6.Nd2 cxd4 7.Nb3 Qb6 8.Qxd4 Nc6
9.Qxb6 axb6 10.Nd4 e5 11.Nxc6 exf4 12.Nd4 g6 13.Nh3 Bd6 14.Nb5 Be5 15.e3 fxe3
16.Ke2 O-O 17.Kxe3 Re8 18.Kd2 d5 19.Ng1 Bd7 20.Bd3 d4 21.Nxd4 Bf4+ 22.Kc2 Nd5
23.g3 Ne3+ 24.Kb1 Nd1 25.Nge2 Nf2 26.Rf1 Nxd3 27.Nxf4 Nxf4 28.gxf4 Ra5 29.h4 Rh5
30.Rh1 Rxh4 31.Rxh4 Re1+ 32.Kc2  1/2-1/2

[Event "New York op"]
[Site "New York"]
[Date "1998.03.21"]
[Round "9"]
[White "Lputian, Smbat G"]
[Black "Milov, Vadim"]
[Result "1-0"]
[WhiteElo "2610"]
[BlackElo "2635"]

1.d4 Nf6 2.Bg5 Ne4 3.Bf4 c5 4.f3 Nf6 5.d5 d6 6.e4 e6 7.dxe6 fxe6 8.Nc3 Nc6
9.Qd2 Be7 10.O-O-O e5 11.Bg5 Be6 12.Bxf6 gxf6 13.Nd5 Qd7 14.Nxe7 Kxe7 15.Ne2 Nd4
16.Nc3 b5 17.Nd5+ Bxd5 18.exd5 b4 19.f4 a5 20.fxe5 dxe5 21.Bc4 h5 22.Rhf1 Raf8
23.Qd3 Qg4 24.c3 bxc3 25.bxc3 e4 26.Rfe1 Qg5+ 27.Rd2 Nf5 28.d6+ Kd8 29.Qxe4  1-0

[Event "Hampstead GM"]
[Site "Hampstead"]
[Date "1998.03.25"]
[Round "1"]
[White "Buckley, Graeme"]
[Black "Dunnington, Angus J"]
[Result "0-1"]
[WhiteElo "2315"]
[BlackElo "2390"]

1.d4 Nf6 2.Bg5 Ne4 3.Bf4 c5 4.f3 Qa5+ 5.c3 Nf6 6.d5 d6 7.e4 g6 8.Na3 Bg7
9.Qd2 h6 10.Bd3 Qd8 11.Ne2 a6 12.c4 Nbd7 13.Rd1 Ne5 14.Bb1 Nh5 15.Be3 b5
16.b3 bxc4 17.f4 Nd3+ 18.Kf1 g5 19.Bxd3 cxd3 20.Qxd3 gxf4 21.Nxf4 Bg4 22.Rd2 Qa5
23.Nc4 Qc3 24.Qxc3 Bxc3 25.Rc2 Bg7 26.Nxh5 Bxh5 27.Kf2 O-O 28.g4 Bxg4 29.Rg1 h5
30.Bg5 f6 31.Bf4 Kf7 32.Ne3 f5 33.Nxf5 Bxf5 34.exf5 Bd4+ 35.Be3 Kf6 36.Re2 Rae8
37.Kf3 Rg8 38.Rd1 Be5 39.Rde1 Kxf5 40.Bxc5 Rc8 41.Bf2 Rc3+ 42.Re3 Rgc8 43.Rd1 Rxe3+
44.Bxe3 Rc3 45.Ke2 Ke4 46.Bg5 Rc2+ 47.Rd2 Rxd2+ 48.Kxd2 Bxh2 49.Ke2 Bg3 50.Bxe7 Kxd5
51.Kf3 h4 52.Bf6 Kc5 53.Bc3 Be5 54.Be1 h3 55.a4 d5 56.b4+ Kb6 57.Bd2 h2 58.Kg2 d4
59.Kh1 Bc7 60.Kg2 Kb7 61.Be1 d3 62.Bd2 Kc6  0-1

[Event "FRA-chT"]
[Site "FRA"]
[Date "1998.04.03"]
[Round "5"]
[White "Eliet, Nicolas"]
[Black "Varlet, Nicolas"]
[Result "1-0"]
[WhiteElo "2355"]
[BlackElo "2230"]

1.d4 Nf6 2.Bg5 Ne4 3.Bh4 d5 4.f3 Nd6 5.Bf2 c6 6.Nd2 Bf5 7.e4 dxe4 8.c4 exf3
9.Qxf3 e6 10.c5 Nc8 11.Ne2 Be7 12.Nf4 g5 13.g4 Bg6 14.Nxg6 hxg6 15.Bc4 Nd7
16.Bg3 Bf6 17.Ne4 Bg7 18.Bd6 Nf6 19.Be5 Nxe4 20.Bxg7 Qa5+ 21.Ke2 Qd2+ 22.Kf1 Qxb2
23.Qxe4 Qxa1+ 24.Kg2 Qb2+ 25.Kg3 Qc3+ 26.Bd3 Rh7 27.Bf6 Ne7 28.Bxg5 Kd7 29.Rb1 Rb8
30.Bf4 Rd8 31.Rb3 Qa1 32.Bb1 Ke8 33.Be5 Nd5 34.Qf3 f6 35.Bxg6+ Kd7 36.Rxb7+ Kc8
37.Rb8+ Kd7 38.Bxh7 fxe5 39.Qf7+ Ne7 40.Rb7+ Kc8 41.Qxe6+ Kxb7 42.Qxe7+ Ka6
43.Bd3+  1-0

[Event "AUT-ch U18"]
[Site "Koestendorf"]
[Date "1998.04.04"]
[Round "1.6"]
[White "Pojer, Hannes"]
[Black "Sandhoefner, Florian"]
[Result "0-1"]
[WhiteElo "1710"]
[BlackElo "1991"]

1.d4 Nf6 2.Bg5 Ne4 3.Bf4 d5 4.f3 Nd6 5.e3 e6 6.Bd3 Nd7 7.Ne2 c5 8.c3 b6 9.O-O Be7
10.Nd2 Bb7 11.c4 cxd4 12.Bxd6 Bxd6 13.Nxd4 O-O 14.f4 Nf6 15.cxd5 Nxd5 16.Rf3 Nxf4
17.exf4 Bc5 18.Bxh7+ Kxh7 19.Rh3+ Kg8 20.Nb3 Qd5 21.Qd2 Rfd8 22.Rd1 Be7 23.Qc2 g6
24.Rdd3 Rac8 25.Qd2 Bf6 26.Qf2 Bxd4 27.Rxd4 Qxd4 28.Qxd4 Rxd4 29.Nxd4 Rc1+
30.Kf2 Rd1 31.Nb3 Rb1 32.Rd3 Rxb2+ 33.Rd2 Rxd2+ 34.Nxd2 Bd5 35.a3 Kg7 36.g3 Kf6
37.Ke3 Kf5 38.h3 g5 39.fxg5 Kxg5 40.Kf2 e5 41.Nf1 f5 42.h4+ Kh5 43.Ne3 Be6
44.Nc2 a5 45.Ne1 e4 46.Nc2 b5 47.Nd4 Bd7 48.Nc2 Be8 49.Nd4 b4 50.axb4 axb4
51.Nxf5 b3 52.g4+ Kxg4 53.Ne3+ Kxh4 54.Nc4 Bb5 55.Nb2 Kg4 56.Ke3 Kf5 57.Nd1 Ke5
58.Nc3 b2 59.Kd2 Bd3 60.Ke3 b1=Q 61.Nxb1 Bxb1 62.Ke2 Kd4 63.Kd2 e3+ 64.Ke1 Kd3
65.Kd1 e2+ 66.Ke1 Bc2 67.Kf2 Kd2 68.Kf3 e1=Q  0-1

[Event "AUT-ch U18"]
[Site "Koestendorf"]
[Date "1998.04.08"]
[Round "5.4"]
[White "Becker, Christoph"]
[Black "Sandhoefner, Florian"]
[Result "1-0"]
[WhiteElo "1950"]
[BlackElo "1991"]

1.d4 Nf6 2.Bg5 Ne4 3.Bf4 d5 4.Nd2 Nxd2 5.Qxd2 e6 6.e3 Nd7 7.Bd3 c5 8.c3 Qb6
9.Rd1 Be7 10.Nf3 Nf6 11.Ne5 Nh5 12.Bg3 Nxg3 13.hxg3 h6 14.Qe2 Bd6 15.dxc5 Qxc5
16.Bb5+ Ke7 17.Nf3 a6 18.Ba4 b5 19.Bc2 Bb7 20.O-O Rhd8 21.e4 Kf8 22.e5 Be7
23.Rd4 a5 24.Qd3 Ke8 25.Qh7 Bf8 26.g4 b4 27.g5 bxc3 28.bxc3 Qxc3 29.g6 Kd7
30.gxf7 Rdc8 31.Ba4+ Bc6 32.Rd3 Qb2 33.Rd2 Qa3 34.Bxc6+ Rxc6 35.Nd4 Rc4 36.Qg6 Ra6
37.Rfd1 Ke7 38.Nf5+ Kd7 39.Nxg7 Rc1 40.Nh5 Rxd1+ 41.Rxd1 Qxa2 42.Nf6+ Ke7
43.Nxd5+ exd5 44.Qxa6  1-0

[Event "AUT-ch U18"]
[Site "Koestendorf"]
[Date "1998.04.10"]
[Round "7.6"]
[White "Pojer, Hannes"]
[Black "Zumtobel, Thomas"]
[Result "0-1"]
[WhiteElo "1710"]
[BlackElo "2086"]

1.d4 Nf6 2.Bg5 Ne4 3.Bf4 c5 4.f3 Qa5+ 5.c3 Nf6 6.dxc5 Qxc5 7.e4 d6 8.Nd2 g6
9.Qb3 Bg7 10.Qb5+ Qc6 11.Bc4 O-O 12.Qxc6 bxc6 13.Ne2 e5 14.Be3 Nbd7 15.Rd1 Nb6
16.Bb3 d5 17.exd5 cxd5 18.Ng3 Ba6 19.Bxb6 axb6 20.Ndf1 Rfd8 21.Ne3 Bb7 22.Kf2 Bf8
23.Rd2 Bc5 24.Rhd1 b5 25.Ke2 d4 26.cxd4 exd4 27.Nc2 Re8+ 28.Kf1 Nd5 29.Bxd5 Bxd5
30.Nxd4 Bc4+ 31.Nde2 Rxa2 32.Ne4 Be7 33.Kf2 Kg7 34.N2c3 f5 35.Nxa2 fxe4 36.fxe4 Rf8+
37.Kg3 Bxa2 38.Rd7 Rf7 39.R7d2 Bf6 40.Rd7 Be5+ 41.Kh4 Bxb2 42.g4 Be5 43.Rxf7+ Bxf7
44.Rd7 b4  0-1